Supporting Afghan women in the 2014 transition
| Titel: |
Supporting Afghan women in the 2014 transition / Amy Calfas
|
| Verfasser: |
|
| Veröffentlicht: |
Washington DC : United States Institute of Peace, 2015 |
| Umfang: |
Online-Ressource (5 Seiten, 0,2 MB)
|
| Format: |
E-Book
|
| Sprache: |
Englisch |
| Mehrbändiges Werk: |
Peace brief ; 184
|
alg: 51794204
001A $06055:07-05-24
001B $01999:14-05-24 $t01:10:47.000
001D $06055:07-05-24
001U $0utf8
001X $00
002@ $0Oax
002C $aText $btxt $2rdacontent
002D $aComputermedien $bc $2rdamedia
002E $aOnline-Ressource $bcr $2rdacarrier
003@ $0517942046
004E/07 $0822239604 $lMENADOC
004U $0urn:nbn:de:gbv:3:5-87924 $S0
007A $009557154X $aKEP
007I $0MENADOC-3:5-87924
009Q $S0 $uhttp://nbn-resolving.de/urn:nbn:de:gbv:3:5-87924 $xR
010@ $aeng
011@ $a2015 $n2015
017B $aZDB-234-MED
021A $aSupporting Afghan women in the 2014 transition $hAmy Calfas
028A $aCalfas $BVerfasser $dAmy $4aut
033A $pWashington DC $nUnited States Institute of Peace
033E $pHalle (Saale) $nUniversitäts- und Landesbibliothek Sachsen-Anhalt
034D $aOnline-Ressource (5 Seiten, 0,2 MB)
036E $aPeace brief $l184
037J $aOpen Access $2star $uhttp://purl.org/coar/access_right/c_abf2 $fUnrestricted online access
045R $aGeschichte
045T $a6,23
lok: 51794204 3
exp: 51794204 3 1 #EPN
201B/01 $014-05-24 $t01:10:47.253
201C/01 $013-05-24
201U/01 $0utf8
203@/01 $01262803241
204U/01 $0urn:nbn:de:gbv:3:5-87924 $S0
208@/01 $a13-05-24 $bl
lok: 51794204 5
exp: 51794204 5 1 #EPN
201B/01 $014-05-24 $t01:10:47.258
201C/01 $013-05-24
201U/01 $0utf8
203@/01 $0126280325X
204U/01 $0urn:nbn:de:gbv:3:5-87924 $S0
208@/01 $a13-05-24 $bl
lok: 51794204 8
exp: 51794204 8 1 #EPN
201B/01 $014-05-24 $t01:10:47.265
201C/01 $013-05-24
201U/01 $0utf8
203@/01 $01262803268
204U/01 $0urn:nbn:de:gbv:3:5-87924 $S0
208@/01 $a13-05-24 $bl
lok: 51794204 10
exp: 51794204 10 1 #EPN
201B/01 $014-05-24 $t01:10:47.271
201C/01 $013-05-24
201U/01 $0utf8
203@/01 $01262803276
204U/01 $0urn:nbn:de:gbv:3:5-87924 $S0
208@/01 $a13-05-24 $bl
lok: 51794204 21
exp: 51794204 21 1 #EPN
201B/01 $014-05-24 $t01:10:47.277
201C/01 $013-05-24
201U/01 $0utf8
203@/01 $01262803284
204U/01 $0urn:nbn:de:gbv:3:5-87924 $S0
208@/01 $a13-05-24 $bl
lok: 51794204 23
exp: 51794204 23 1 #EPN
201B/01 $014-05-24 $t01:10:47.286
201C/01 $013-05-24
201U/01 $0utf8
203@/01 $01262803292
204U/01 $0urn:nbn:de:gbv:3:5-87924 $S0
208@/01 $a13-05-24 $bl
lok: 51794204 25
exp: 51794204 25 1 #EPN
201B/01 $014-05-24 $t01:10:47.295
201C/01 $013-05-24
201U/01 $0utf8
203@/01 $01262803306
204U/01 $0urn:nbn:de:gbv:3:5-87924 $S0
208@/01 $a13-05-24 $bl
lok: 51794204 204
exp: 51794204 204 1 #EPN
201B/01 $014-05-24 $t01:10:47.304
201C/01 $013-05-24
201U/01 $0utf8
203@/01 $01262803314
204U/01 $0urn:nbn:de:gbv:3:5-87924 $S0
208@/01 $a13-05-24 $bl
lok: 51794204 205
exp: 51794204 205 1 #EPN
201B/01 $014-05-24 $t01:10:47.307
201C/01 $013-05-24
201U/01 $0utf8
203@/01 $01262803322
204U/01 $0urn:nbn:de:gbv:3:5-87924 $S0
208@/01 $a13-05-24 $bl
| LEADER |
00000cam a22000002c 4500 |
| 001 |
517942046 |
| 003 |
DE-603 |
| 005 |
20240514011047.0 |
| 007 |
cr|||||||||||| |
| 008 |
240507s2015 xx |||| o| u00||u|eng c |
| 024 |
7 |
|
|a urn:nbn:de:gbv:3:5-87924
|2 urn
|
| 028 |
5 |
2 |
|a 822239604
|
| 035 |
|
|
|a (DE-599)KEP09557154X
|
| 040 |
|
|
|a DE-603
|b ger
|c DE-603
|d DE-603
|
| 041 |
|
|
|a eng
|
| 084 |
|
|
|a 6,23
|2 ssgn
|
| 100 |
1 |
|
|a Calfas, Amy
|e Verfasser
|4 aut
|
| 245 |
0 |
0 |
|a Supporting Afghan women in the 2014 transition
|c Amy Calfas
|
| 264 |
|
1 |
|a Washington DC
|b United States Institute of Peace
|c 2015
|
| 264 |
|
2 |
|a Halle (Saale)
|b Universitäts- und Landesbibliothek Sachsen-Anhalt
|
| 300 |
|
|
|a Online-Ressource (5 Seiten, 0,2 MB)
|
| 336 |
|
|
|a Text
|b txt
|2 rdacontent
|
| 337 |
|
|
|a Computermedien
|b c
|2 rdamedia
|
| 338 |
|
|
|a Online-Ressource
|b cr
|2 rdacarrier
|
| 490 |
0 |
|
|a Peace brief
|v 184
|
| 648 |
|
7 |
|a Geschichte
|2 gnd
|
| 856 |
|
|
|u http://nbn-resolving.de/urn:nbn:de:gbv:3:5-87924
|x Resolving-System
|z kostenfrei
|
| 912 |
|
|
|a ZDB-234-MED
|
| 924 |
1 |
|
|9 603
|a (DE-603)1262803241
|b DE-603
|c HES
|d d
|
| 924 |
1 |
|
|9 603
|a (DE-603)126280325X
|b DE-603
|c HES
|d d
|
| 924 |
1 |
|
|9 603
|a (DE-603)1262803268
|b DE-603
|c HES
|d d
|
| 924 |
1 |
|
|9 603
|a (DE-603)1262803276
|b DE-603
|c HES
|d d
|
| 924 |
1 |
|
|9 603
|a (DE-603)1262803284
|b DE-603
|c HES
|d d
|
| 924 |
1 |
|
|9 603
|a (DE-603)1262803292
|b DE-603
|c HES
|d d
|
| 924 |
1 |
|
|9 603
|a (DE-603)1262803306
|b DE-603
|c HES
|d d
|
| 924 |
1 |
|
|9 603
|a (DE-603)1262803314
|b DE-603
|c HES
|d d
|
| 924 |
1 |
|
|9 603
|a (DE-603)1262803322
|b DE-603
|c HES
|d d
|
Supporting Afghan women in the 2014 transition / Calfas, Amy
HEB517942046